000 00569nam a2200241 a 4500
001 nice12345678
003 IN_TiNIC
005 20260116011807.0
008 050524s1921 egya grp 000 0 ara
020 _a
_c100
082 0 0 _a239
_bANO
100 _aAnonymous,
245 _aAl-Bakurat-Us-Shahiyya
_b Sweet First Fruits.
260 _aEgypt
_bMatba-E-Neel
_c1921
300 _a228p
500 _aincludes index and biblioraphy
505 2 _aIndex
650 _aApologetics
700 1 _aAnonymous,
902 _bRBA
942 _cBK
999 _c4021
_d4021